Pražské mosty

Guardado en:
Detalles Bibliográficos
Autores principales: Fischer, Jan (Autor), Fischer, Ondřej (Autor)
Formato: Libro
Lenguaje:checo
Publicado: Praha : Academia, 1985
Edición:1.vyd.
Materias:
Etiquetas: Agregar Etiqueta
Sin Etiquetas, Sea el primero en etiquetar este registro!

MARC

LEADER 00000nam a22000003a 4500
001 stu10724
005 20150617225701.3
008 941020s1985----cs------------------cze-d
040 |a STU  |b slo 
041 0 |a cze 
044 |a cs 
100 1 |a Fischer, Jan  |4 aut 
245 1 |a Pražské mosty 
250 |a 1.vyd.  
260 |a Praha :  |b Academia,  |c 1985 
300 |a 220 s 
650 7 |a Praha  |2 stusub 
700 1 |a Fischer, Ondřej  |4 aut 
996 |b 284AU02762  |c A*1534 U  |l AAKNST  |s P  |a 0  |w stu10724_0001 
996 |c V*30636/O-12390  |l VV9  |s P  |a 0  |w stu10724_0002 
996 |b 284V029961  |c V*30441/O-12315  |l VVS  |s A  |a 24  |w stu10724_0003 
996 |b 284V029960  |c V*30442/O-12315a  |l VVS  |s A  |a 24  |w stu10724_0004